000 003420000a22001450004500
003 MACL
040 _aMACL
090 _c31820
_d31818
100 _aZimmerman, Scott
245 _aWeb Site Construction Kit for Windows 95
260 _bBPB Publications
_c1998
350 _a270
650 _aComputer Programming
942 _cBOOK
_k005.368/ZIM
999 _c31500
_d31500